Normal view
MARC view
- MORISAWA, MARSTON
Entry Personal Name
001 - CONTROL NUMBER
- control field: 91190
003 - CONTROL NUMBER IDENTIFIER
- control field: NUST
005 - DATE AND TIME OF LATEST TRANSACTION
- control field: 20220425111409.0
008 - FIXED-LENGTH DATA ELEMENTS
- fixed length control field: 220425|| aca||aabn | a|a d
040 ## - CATALOGING SOURCE
- Original cataloging agency: NUST
- Transcribing agency: NUST
100 ## - HEADING--PERSONAL NAME
- Personal name: MORISAWA, MARSTON
670 ## - SOURCE DATA FOUND
- Source citation: Work cat.: (NUST): MORISAWA, MARSTON., CHANGING THE FACE EARTH ENGINEERING /, 2000.
